[Event "Mississauga Goldon Horseshoe op U2000"]
[Site "Mississauga"]
[Date "2018.06.02"]
[Round "3.6"]
[White "Zarezadegan, Fariborz"]
[Black "Subramanian, Arun"]
[Result "1/2-1/2"]
[WhiteElo "1603"]
[BlackElo "1950"]
[PlyCount "128"]
[EventDate "2018.06.02"]
[EventType "swiss"]
[EventRounds "5"]
[EventCountry "CAN"]
[SourceTitle "EXT 2022"]
[Source "ChessBase"]
[SourceDate "2021.10.06"]
[SourceVersion "1"]
[SourceVersionDate "2021.10.06"]
[SourceQuality "1"]

1. Nf3 c6 2. d4 d5 3. c4 Nf6 4. Nc3 Nbd7 5. Bf4 e6 6. a3 Be7 7. e3 a6 8. Be2 0-0 9. h3 b6 10. 0-0 Bb7 11. cxd5 cxd5 12. Bd3 Nh5 13. Qc2 Nxf4 14. Bxh7+ Kh8 15. exf4 f5 16. Bg6 Rf6 17. Nh4 Nf8 18. Qe2 Kg8 19. Qh5 Bc6 20. Rfe1 Bd6 21. Rxe6 Nxe6 22. Qh7+ Kf8 23. Nxf5 Rxf5 24. Bxf5 Qf6 25. Re1 Nxf4 26. g3 g6 27. Bg4 Nd3 28. Re2 Re8 29. Qh6+ Kf7 30. Qd2 Rxe2 31. Qxe2 Qxd4 32. Qe6+ Kg7 33. Qxd6 Qxf2+ 34. Kh1 Qe1+ 35. Kg2 Qf2+ 36. Kh1 Qf6 37. Qxf6+ Kxf6 38. Nd1 Ke5 39. Kg1 Kd4 40. Kf1 Bb5 41. Be2 Bc4 42. g4 Nf4 43. Bxc4 Kxc4 44. h4 d4 45. Kf2 Kb3 46. Kf3 Ne6 47. h5 gxh5 48. gxh5 Kc2 49. Nf2 d3 50. h6 Nf8 51. Ke3 Kxb2 52. Nxd3+ Kxa3 53. Kd2 Ka4 54. Nb2+ Kb4 55. Kc2 Kc5 56. Nd3+ Kd6 57. Nf4 Ke5 58. Nd3+ Kf5 59. Kb3 Kg6 60. Nb4 a5 61. Nc6 Ne6 62. Nxa5 Nd4+ 63. Ka4 b5+ 64. Kb4 Kxh6 1/2-1/2